[Event "Vall del Tenes op 4th"]
[Site "Santa Eulalia de Roncana"]
[Date "2015.04.10"]
[Round "1"]
[White "Riera Mestres, Josep"]
[Black "Martorell Aubanell, Adria"]
[Result "0-1"]
[WhiteElo "1840"]
[BlackElo "2306"]
[PlyCount "104"]
[EventDate "2015.04.10"]
[EventType "swiss"]
[EventRounds "8"]
[EventCountry "ESP"]
[SourceTitle "CBM 166 Extra"]
[Source "ChessBase"]
[SourceDate "2015.06.18"]
[SourceVersion "1"]
[SourceVersionDate "2015.06.18"]
[SourceQuality "1"]

1. d4 Nf6 2. Nf3 g6 3. Bf4 Bg7 4. c3 d6 5. Qc1 h6 6. g3 Nbd7 7. Bg2 c6 8. Nbd2 Nd5 9. Nb3 Nxf4 10. Qxf4 a5 11. 0-0 0-0 12. e4 e5 13. dxe5 dxe5 14. Qe3 a4 15. Nc5 Qa5 16. Nxd7 Bxd7 17. Rfd1 Be6 18. a3 Rfd8 19. Bf1 Bf8 20. Nd2 b5 21. Nf3 Qc7 22. Rd2 Rxd2 23. Qxd2 Rd8 24. Qe1 f6 25. Rd1 Kg7 26. Rxd8 Qxd8 27. Qd2 Qb6 28. Ne1 Be7 29. h4 h5 30. Nc2 Qb7 31. f3 Bc5+ 32. Kh2 Qc7 33. Ne1 Ba7 34. Nc2 Qb6 35. Qg2 Qd8 36. Nb4 Qd6 37. Qc2 Qc5 38. Qg2 Bb3 39. Be2 Qd6 40. Qf1 Qd2 41. Kh3 Qxb2 42. Nxc6 Be6+ 43. Kg2 Bc5 44. Kh1 Qxc3 45. Bxb5 Qe3 46. Qd1 Bb3 47. Qf1 Bxa3 48. Na5 Bc2 49. Nc4 Qc3 50. Nxa3 Qxa3 51. g4 hxg4 52. fxg4 Bxe4+ 0-1

[Event "Roncana op-A 7th"]
[Site "Santa Eulalia de Roncana"]
[Date "2013.11.23"]
[Round "7"]
[White "Martorell Aubanell, Adria"]
[Black "Subirats Ruiz, Sergi"]
[Result "1-0"]
[WhiteElo "2141"]
[BlackElo "2187"]
[PlyCount "157"]
[EventDate "2013.10.05"]
[EventType "swiss"]
[EventRounds "8"]
[EventCountry "ESP"]
[SourceTitle "CBM 157 Extra"]
[Source "ChessBase"]
[SourceDate "2013.12.19"]
[SourceVersion "1"]
[SourceVersionDate "2013.12.19"]
[SourceQuality "1"]

1. e4 e6 2. b3 d5 3. Bb2 Nf6 4. exd5 exd5 5. Nf3 Bg4 6. Be2 Nc6 7. h3 Bf5 8. 0-0 Qd7 9. Bb5 0-0-0 10. Ne5 Qe6 11. Bxc6 bxc6 12. Re1 Ne4 13. d3 Bd6 14. Nxc6 Qg6 15. dxe4 Bxh3 16. Qf3 Bg4 17. Qg3 Bxg3 18. Ne7+ Kb7 19. Nxg6 hxg6 20. fxg3 dxe4 21. Nc3 f5 22. Nd1 Rd2 23. Ne3 Bh5 24. Bxg7 Re8 25. Bc3 Rd7 26. g4 fxg4 27. g3 Rf7 28. Rf1 Rf3 29. Rxf3 exf3 30. Kf2 g5 31. Re1 Bg6 32. Nxg4 Rxe1 33. Bxe1 Bxc2 34. Bd2 Bf5 35. Ne3 Be4 36. Nc4 g4 37. Ne5 Bb1 38. Nxg4 Bxa2 39. b4 Be6 40. Kxf3 Kb6 41. Nf6 c5 42. bxc5+ Kxc5 43. Be3+ Kd6 44. Bxa7 Ke5 45. Ng4+ Kf5 46. Nh6+ Kg5 47. Be3+ Kg6 48. g4 Bd5+ 49. Kg3 Be6 50. g5 Kh5 51. Kf4 Kg6 52. Ng4 Bc8 53. Ne5+ Kg7 54. Ke4 Be6 55. Bc5 Bg8 56. Be7 Ba2 57. Bf6+ Kh7 58. Kd4 Bb1 59. Kc5 Kg8 60. Kd6 Kf8 61. Nd7+ Kf7 62. Ne5+ Kf8 63. Ng4 Kf7 64. Nh6+ Kg6 65. Ke7 Ba2 66. Ng4 Kh7 67. Ne5 Bb1 68. Kf8 Bc2 69. Bd8 Kh8 70. Kf7 Kh7 71. Kf6 Bb3 72. Be7 Ba2 73. Bf8 Kg8 74. Bg7 Bb1 75. Ng4 Bc2 76. Ne3 Be4 77. Bh6 Bc6 78. Nf5 Be8 79. g6 1-0

[Event "Roncana op-A 7th"]
[Site "Santa Eulalia de Roncana"]
[Date "2013.11.09"]
[Round "5"]
[White "Martorell Aubanell, Adria"]
[Black "Molano Lafuente, Ismael"]
[Result "1/2-1/2"]
[WhiteElo "2141"]
[BlackElo "2000"]
[PlyCount "174"]
[EventDate "2013.10.05"]
[EventType "swiss"]
[EventRounds "8"]
[EventCountry "ESP"]
[SourceTitle "CBM 157 Extra"]
[Source "ChessBase"]
[SourceDate "2013.12.19"]
[SourceVersion "1"]
[SourceVersionDate "2013.12.19"]
[SourceQuality "1"]

1. e4 c5 2. Nf3 Nc6 3. d4 cxd4 4. Nxd4 Nf6 5. Nc3 e6 6. Ndb5 Bc5 7. Bf4 0-0 8. Bc7 Qe7 9. Bd6 Bxd6 10. Qxd6 Ne8 11. Qxe7 Nxe7 12. 0-0-0 a6 13. Nd6 Nxd6 14. Rxd6 f5 15. Rd2 fxe4 16. Nxe4 d5 17. Nd6 Rd8 18. Nc4 b5 19. Ne5 Bb7 20. Bd3 Nc6 21. Re1 Nxe5 22. Rxe5 Rd6 23. f4 g6 24. h4 Rf8 25. g3 Bc6 26. Rde2 Bd7 27. Kd2 Rc6 28. Ke3 Kg7 29. Kd4 Rf6 30. c3 Kf7 31. h5 Kg7 32. hxg6 hxg6 33. Rh2 Be8 34. Re1 Rf8 35. Ke5 Bf7 36. Reh1 Rd8 37. Rh7+ Kf8 38. Rh8+ Bg8 39. Bxg6 Kg7 40. R8h6 d4 41. cxd4 Rd5+ 42. Ke4 Rc4 43. Be8 Rcxd4+ 44. Kf3 Rf5 45. Rg6+ Kf8 46. Rh8 Kxe8 47. Rgxg8+ Kf7 48. Rf8+ Ke7 49. Re8+ Kf7 50. Kg4 Rc5 51. Ra8 Kg7 52. Rhe8 Rc6 53. Ra7+ Kg6 54. Rg8+ Kh6 55. Rh8+ Kg6 56. Rg8+ Kh6 57. Rg5 Rcd6 58. Rf7 Rd2 59. Rfg7 e5 60. fxe5 R6d4+ 61. Kf5 Rf2+ 62. Ke6 Rxb2 63. Rg8 Rc2 64. g4 Kh7 65. R5g7+ Kh6 66. Rg6+ Kh7 67. R8g7+ Kh8 68. g5 Rc8 69. Rd7 Rf4 70. Rf6 Rg4 71. g6 Rg5 72. Rh7+ Kg8 73. Rd7 Re8+ 74. Kd6 Rgxe5 75. Rdf7 Rg5 76. Kd7 Ra8 77. Ke6 a5 78. Rd7 Ra6+ 79. Rd6 Rxd6+ 80. Kxd6 b4 81. Rf2 Rxg6+ 82. Kc5 Rg3 83. Kb5 Ra3 84. Kc4 Kg7 85. Kb5 Kg6 86. Kc4 Rc3+ 87. Kd4 Ra3 1/2-1/2

[Event "Roncana op-A 7th"]
[Site "Santa Eulalia de Roncana"]
[Date "2013.10.12"]
[Round "2"]
[White "Diaz Doblas, Juan"]
[Black "Martorell Aubanell, Adria"]
[Result "0-1"]
[WhiteElo "1701"]
[BlackElo "2141"]
[PlyCount "67"]
[EventDate "2013.10.05"]
[EventType "swiss"]
[EventRounds "8"]
[EventCountry "ESP"]
[SourceTitle "CBM 157 Extra"]
[Source "ChessBase"]
[SourceDate "2013.12.19"]
[SourceVersion "1"]
[SourceVersionDate "2013.12.19"]
[SourceQuality "1"]

1. e4 c5 2. d4 e6 3. f4 cxd4 4. Nf3 d5 5. Bb5+ Bd7 6. Bxd7+ Qxd7 7. exd5 Qxd5 8. Qxd4 Nf6 9. Qxd5 Nxd5 10. 0-0 Nc6 11. c3 Bc5+ 12. Kh1 0-0 13. b4 Bb6 14. a4 a6 15. Ba3 Rfd8 16. g3 Ne3 17. Rc1 Nc4 18. Ra2 Be3 19. Re1 Rd3 20. Kg2 Rad8 21. Rae2 Rd1 22. Rxd1 Rxd1 23. Re1 Rd3 24. Bc1 Bxc1 25. Rxc1 f6 26. Kf2 Kf7 27. Rc2 Ne7 28. Re2 Nd5 29. Nd4 e5 30. fxe5 Nxe5 31. Rc2 Ng4+ 32. Ke1 Re3+ 33. Kf1 h5 34. Nf5 0-1

[Event "Mollet del Valles op U2300 3rd"]
[Site "Mollet del Valles"]
[Date "2012.12.08"]
[Round "7"]
[White "Amores Gago, Javier"]
[Black "Martorell Aubanell, Adria"]
[Result "1-0"]
[WhiteElo "2108"]
[BlackElo "2124"]
[PlyCount "65"]
[EventDate "2012.12.02"]
[EventType "swiss"]
[EventRounds "8"]
[EventCountry "ESP"]
[SourceTitle "EXT 2014"]
[Source "ChessBase"]
[SourceDate "2013.11.20"]
[SourceVersion "1"]
[SourceVersionDate "2013.11.20"]
[SourceQuality "1"]

1. e4 c5 2. Nc3 Nc6 3. g3 g6 4. Bg2 Bg7 5. d3 d6 6. f4 e6 7. Nf3 Nge7 8. 0-0 0-0 9. Be3 Nd4 10. e5 Nef5 11. Bf2 Nxf3+ 12. Qxf3 Nd4 13. Qd1 dxe5 14. fxe5 Bxe5 15. Ne4 f5 16. Nxc5 Qc7 17. b4 Rb8 18. c3 Nb5 19. d4 Bg7 20. Qb3 Qf7 21. Rfe1 Re8 22. a4 Nc7 23. Nd3 e5 24. Qxf7+ Kxf7 25. Nxe5+ Kg8 26. Nc4 Bf8 27. d5 Rxe1+ 28. Rxe1 Bd7 29. Bxa7 Ra8 30. Bd4 Ne8 31. d6 Nxd6 32. Bd5+ Nf7 33. Nb6 1-0

[Event "Mollet del Valles op U2300 3rd"]
[Site "Mollet del Valles"]
[Date "2012.12.02"]
[Round "1"]
[White "Orio Ferrer, Jose Ignacio"]
[Black "Martorell Aubanell, Adria"]
[Result "0-1"]
[WhiteElo "1678"]
[BlackElo "2124"]
[PlyCount "42"]
[EventDate "2012.12.02"]
[EventType "swiss"]
[EventRounds "8"]
[EventCountry "ESP"]
[SourceTitle "EXT 2014"]
[Source "ChessBase"]
[SourceDate "2013.11.20"]
[SourceVersion "1"]
[SourceVersionDate "2013.11.20"]
[SourceQuality "1"]

1. e4 c5 2. Nf3 e6 3. Nc3 a6 4. d4 cxd4 5. Nxd4 Qc7 6. Be2 Nf6 7. Be3 Bb4 8. Qd3 Nxe4 9. 0-0 Nxc3 10. bxc3 Qxc3 11. Qe4 Be7 12. Nf3 Nc6 13. Bd3 d5 14. Qg4 Bf6 15. Rab1 e5 16. Bf5 Bxf5 17. Qxf5 Ne7 18. Qg4 0-0 19. Rfe1 Qxc2 20. Bg5 Qg6 21. Qg3 Nf5 0-1

[Event "Roncana op 6th"]
[Site "Santa Eulalia de Roncana"]
[Date "2012.11.24"]
[Round "7"]
[White "Martorell Aubanell, Adria"]
[Black "Rojano Alfonso, Carlos"]
[Result "1/2-1/2"]
[WhiteElo "2124"]
[BlackElo "2124"]
[PlyCount "106"]
[EventDate "2012.10.06"]
[EventType "swiss"]
[EventRounds "8"]
[EventCountry "ESP"]
[SourceTitle "EXT 2014"]
[Source "ChessBase"]
[SourceDate "2013.11.20"]
[SourceVersion "1"]
[SourceVersionDate "2013.11.20"]
[SourceQuality "1"]

1. e4 e6 2. d3 d5 3. Nd2 Nf6 4. g3 Nc6 5. Bg2 Bc5 6. Ngf3 dxe4 7. dxe4 0-0 8. 0-0 e5 9. c3 a5 10. h3 b6 11. Qa4 Bd7 12. Qc2 Qe7 13. a4 Bc8 14. Nb3 Ba6 15. Rd1 Bd6 16. Be3 Bc4 17. Nbd2 Be2 18. Re1 Ba6 19. Nh4 Rfd8 20. Nf5 Qf8 21. Nxd6 Qxd6 22. Bf1 Bxf1 23. Kxf1 Rd7 24. Kg2 Rad8 25. Bg5 h6 26. Bxf6 Qxf6 27. Nf1 Qg6 28. Re2 Nb8 29. Rd2 Rxd2 30. Nxd2 Na6 31. Nc4 Qe6 32. Ne3 Qc6 33. f3 Nc5 34. Nd5 Qd6 35. b4 Nb7 36. b5 Nc5 37. Qa2 Kh8 38. Qc4 f5 39. Rd1 fxe4 40. fxe4 Rf8 41. Rf1 Rxf1 42. Kxf1 c6 43. bxc6 Qxc6 44. Kg2 Qxa4 45. Nxb6 Qxc4 46. Nxc4 Nxe4 47. Nxa5 Nxc3 48. Kf3 Nb5 49. Ke4 Nd4 50. Nc4 Ne2 51. Kf3 Nd4+ 52. Ke4 g5 53. Nxe5 Ne2 1/2-1/2

[Event "Roncana op 6th"]
[Site "Santa Eulalia de Roncana"]
[Date "2012.11.17"]
[Round "6"]
[White "Miguez Cabello, Federico"]
[Black "Martorell Aubanell, Adria"]
[Result "0-1"]
[WhiteElo "1753"]
[BlackElo "2124"]
[PlyCount "86"]
[EventDate "2012.10.06"]
[EventType "swiss"]
[EventRounds "8"]
[EventCountry "ESP"]
[SourceTitle "EXT 2014"]
[Source "ChessBase"]
[SourceDate "2013.11.20"]
[SourceVersion "1"]
[SourceVersionDate "2013.11.20"]
[SourceQuality "1"]

1. d4 Nf6 2. Nf3 g6 3. c4 Bg7 4. Nc3 0-0 5. e4 d6 6. Be2 Nbd7 7. 0-0 e5 8. d5 Nc5 9. Qc2 a5 10. Ne1 Ne8 11. Nd3 f5 12. Nxc5 dxc5 13. Be3 b6 14. f3 Nd6 15. Nb5 f4 16. Nxd6 cxd6 17. Bf2 g5 18. a3 h5 19. Rfd1 g4 20. b4 Qg5 21. Qd2 Rf6 22. bxc5 bxc5 23. Rab1 Bf8 24. Rb5 Rg6 25. Be1 gxf3 26. Bxf3 Bg4 27. Qe2 Ra7 28. Rd2 Rag7 29. Rc2 Qf6 30. Rbb2 a4 31. Qd1 Kh7 32. Rf2 Qf7 33. Kf1 Be7 34. Rfd2 Bd8 35. h3 Ba5 36. Rf2 Bxf3 37. Qxf3 Rg3 38. Qd1 Bxe1 39. Qxe1 f3 40. Rxf3 Rxf3+ 41. gxf3 Qxf3+ 42. Rf2 Qd3+ 43. Qe2 Qb1+ 0-1

[Event "Roncana op 6th"]
[Site "Santa Eulalia de Roncana"]
[Date "2012.10.20"]
[Round "2"]
[White "Hernandez Martinez, Carlos"]
[Black "Martorell Aubanell, Adria"]
[Result "0-1"]
[WhiteElo "1656"]
[BlackElo "2124"]
[PlyCount "40"]
[EventDate "2012.10.06"]
[EventType "swiss"]
[EventRounds "8"]
[EventCountry "ESP"]
[SourceTitle "EXT 2014"]
[Source "ChessBase"]
[SourceDate "2013.11.20"]
[SourceVersion "1"]
[SourceVersionDate "2013.11.20"]
[SourceQuality "1"]

1. e4 c5 2. Nf3 e6 3. d4 cxd4 4. Nxd4 Nc6 5. Be3 Qc7 6. Nc3 a6 7. a4 Nf6 8. Be2 Bb4 9. f3 d5 10. Qd3 Ne5 11. Qd2 dxe4 12. Bf4 Nd5 13. 0-0 Nxf4 14. Qxf4 exf3 15. gxf3 Qc5 16. Kh1 Ng6 17. Qe4 0-0 18. h4 Qe5 19. Qg4 Bd6 20. Rf2 f5 0-1